00542 a2200181 4500001000700000003000400007005001700011008004100028082001400069100002100083245005900104260002800163300001000191653002100201942001200222999001500234952011100249068471OSt20220217173357.0  a194bW83D1 aWolfreys, Julian1 aDerrida: a guide for the perplexedcby Julian Wolfreys aLondonbContinuumc2007 a172p. aDerrida, Jacques 2ddccBK c2133d2133 00102ddc40708TXBaCURAJbCURAJd2012-03-07eENGg870.00l0o194 W83Dp2758r2024-11-21w2020-09-02yBK